Dynamics of organizations : computational modeling and organization theories
Αποθηκεύτηκε σε:
| Άλλοι συγγραφείς: | , |
|---|---|
| Μορφή: | Βιβλίο |
| Γλώσσα: | English |
| Δημοσίευση: |
Menlo Park, Calif. :
AAAI Press/MIT Press,
2001.
|
| Θέματα: | |
| Ετικέτες: |
Προσθήκη ετικέτας
Δεν υπάρχουν, Καταχωρήστε ετικέτα πρώτοι!
|
MARC
| LEADER | 00000cam a2200000 i 4500 | ||
|---|---|---|---|
| 001 | 1/52485 | ||
| 008 | 070824s2001 cau ||| | eng|| | ||
| 020 | |a 0262621525 | ||
| 035 | |l 10090016 | ||
| 040 | |a GR-MyUA |b gre |e AACR2 | ||
| 041 | 0 | |a eng | |
| 082 | 0 | |a 302.35 |2 (22) | |
| 245 | 1 | 0 | |a Dynamics of organizations : |b computational modeling and organization theories / |c edited by Alessandro Lomi and Erik R. Larsen. |
| 260 | |a Menlo Park, Calif. : |b AAAI Press/MIT Press, |c 2001. | ||
| 300 | |a xx, 502 σ. : |b εικ. ; |c 23 εκ. | ||
| 504 | |a Περιλαμβάνει βιβλιογραφικές παραπομπές (σ. [445]-479) και ευρετήριο. | ||
| 650 | 0 | 0 | |a Organizational behavior |x Mathematical models. |
| 700 | 1 | |a Lomi, Alessandro |d 1961- |e edt | |
| 700 | 1 | |a Larsen, Erik R. |e edt | |
| 852 | |a INST |b SAMOS |e 20070824 |h 302.35 DYN |p 005300028431 |q 005300028431 |t BK |y 0 | ||
| 901 | |a BIBL3-2007-2 | ||
| 909 | |a Σ |b 137189 | ||
| 922 | |a 3ΕΛΗ |b 200707 |c ΕΠΕΑΕΚ2/ΤΜΠΕΣ |d ΕΛΕΥΘΕΡΟΥΔΑΚΗΣ | ||
| 970 | |a ΡΟΥΣΣΟΥ |b ΚΩΝΣΤΑΝΤΙΝΑ |z 2007/08/24 | ||